Introduccin̤ a la criminologa̕

Detalles Bibliográficos
Autor principal: Hikal, Wael
Formato: Desconocido
Lenguaje:español
Publicado: Managua : Editorial Jurd̕ica de Nicaragua, 2010
Materias:
Acceso en línea:Acceso restringido

MARC

LEADER 00000ny a22000003n 4500
005 20110621143948.0
008 100806s2010 nq 000 0 spa d
020 |a 9789992422014 
035 |a 4982 
040 |a BUS   |d vLex 
090 |c 969  |d 969 
100 1 |a Hikal, Wael 
245 1 0 |a Introduccin̤ a la criminologa̕  |h [Recurso electrn̤ico]  |c Wael Sarwat Hikal Carreon 
256 |a Servicio en ln̕ea 
260 |a Managua :  |b Editorial Jurd̕ica de Nicaragua,  |c 2010  
506 1 |a Contenido solo disponible en los productos indicados  |d vLex Global  |d vLex Global (Academic Edition, excluding Law Schools)  |d vLex Global (U.S. Academic Edition, Law Schools)  |d vLex Global (U.S. Academic Edition, excluding Law Schools)  |d vLex Global (Academic Edition, Law Schools) 
650 0 4 |a Criminologa̕  
740 0 |a vLex Libros (Servicios en ln̕ea) 
856 4 0 |u http://vlex.com/source/4982  |z Acceso restringido 
942 |c BOOK